Cada escuela es un barco: cartas de navegación de comunidades que aprenden
Guardat en:
| Autors principals: | , |
|---|---|
| Altres autors: | |
| Format: | Llibre |
| Idioma: | espanyol |
| Publicat: |
Santiago
Mineduc
1999
|
| Matèries: | |
| Etiquetes: |
Afegir etiqueta
Sense etiquetes, Sigues el primer a etiquetar aquest registre!
|
MARC
| LEADER | 00000nam a2200000 a 4500 | ||
|---|---|---|---|
| 001 | UCN9212 | ||
| 003 | CL-VaPUC | ||
| 008 | 011130e19991100CL |||||||||||||||||spa|d | ||
| 082 | 0 | 4 | |a 373.1 |b MEN |2 21 |
| 100 | |a Mena, Isidora |e autora |q Mena Edwards, María Isidora |9 620397 | ||
| 700 | |a Prieto Parra, Marcia |e autora |9 745386 | ||
| 700 | 0 | |a Egaña Barahona, M. Paz |e author |9 465723 | |
| 245 | 1 | 0 | |a Cada escuela es un barco: cartas de navegación de comunidades que aprenden |
| 246 | 1 | 0 | |a Cada escuela es un barco: aventuras pedagógicas de comunidades que aprenden |
| 300 | |a 102 p | ||
| 942 | |c BK | ||
| 945 | |d 20011130 00:00:00 |a cmena | ||
| 260 | |a Santiago |b Mineduc |c 1999 | ||
| 500 | |a v.1: La cultura de origen entra a la escuela. Escuela Bocatoma | ||
| 500 | |a v.2: Jugársela por ser felices. Escuela Carlos Spano | ||
| 500 | |a v.3: Ganarle a las adversidades del medio. Escuela Gabriela Mistral | ||
| 500 | |a v.4: Con la integración en la mira. Escuela Nueva Luz | ||
| 500 | |a v.5: Superando el miedo a lo nuevo. Liceo Sagrado Corazón de Copiapó | ||
| 500 | |a v.6: Una gestión colectiva. Colegio Cristóbal Colón | ||
| 500 | |a v.7: En busca del entusiasmo perdido. Liceo Politécnico Holanda | ||
| 500 | |a v.8: Profesores y alumnos como aliados. Liceo Antonio Varas | ||
| 500 | |a v.9: Del autoritarismo a la cooperación. Liceo Ciencia y Tecnología | ||
| 500 | |a El trabajo Cada Escuela es un Barco, incluye: Aventuras pedagógicas de comunidades que aprenden y Cartas de Navegación de comunidades que aprenden | ||
| 650 | 0 | |a Planificación de la educación |9 307333 | |
| 650 | 0 | |a Métodos de enseñanza |9 270413 | |
| 650 | 7 | |a MATERIAL EDUCATIVO |2 CL-VaPUC |9 391365 | |
| 583 | |a last modification |c 20160617 12:04:38 |k Rodrigo Vera | ||
| 999 | |c 298734 |d 298732 | ||
| 952 | |0 0 |1 0 |4 0 |6 373_100000000000000_MEN_1999 |7 0 |8 R |9 354602 |a BIBEDU |b BIBEDU |d 2019-11-21 |i 3778800 |o 373.1 MEN 1999 |p 3778800 |r 2023-01-13 |w 2019-11-21 |y BK_R |k EPE | ||
| 952 | |0 0 |1 0 |4 0 |6 373_100000000000000_MEN_1999 |7 0 |8 R |9 354603 |a BIBEDU |b BIBEDU |d 2019-11-21 |i 3778819 |o 373.1 MEN 1999 |p 3778819 |r 2023-01-13 |w 2019-11-21 |y BK_R |k EPE | ||
| 952 | |0 0 |1 0 |4 0 |6 373_100000000000000_MEN_1999 |7 0 |8 R |9 354604 |a BIBEDU |b BIBEDU |c MCIRC |d 2019-11-21 |i 4092864 |o 373.1 MEN 1999 |p 4092864 |r 2023-01-13 |w 2019-11-21 |y BK_R |k EBA | ||
| 952 | |0 0 |1 0 |4 0 |6 373_100000000000000_MEN_1999 |7 0 |8 R |9 354605 |a BIBEDU |b BIBEDU |d 2019-11-21 |i 4092872 |o 373.1 MEN 1999 |p 4092872 |r 2023-01-13 |w 2019-11-21 |y BK_R |k EBA | ||
| 952 | |0 0 |1 0 |4 0 |6 373_100000000000000_MEN_1999 |7 0 |8 R |9 354606 |a BIBEDU |b BIBEDU |c MCIRC |d 2019-11-21 |h v.1 |i 4595610 |l 2 |o 373.1 MEN 1999 |p 4595610 |r 2023-01-13 |s 2020-12-30 |w 2019-11-21 |y BK_R |k BME | ||
| 952 | |0 0 |1 0 |4 0 |6 373_100000000000000_MEN_1999 |7 0 |8 R |9 354616 |a BIBEDU |b BIBEDU |c MCIRC |d 2019-11-21 |h v.2 |i 4617754 |l 2 |o 373.1 MEN 1999 |p 4617754 |r 2023-01-13 |s 2020-12-30 |w 2019-11-21 |y BK_R |k BME | ||
| 952 | |0 0 |1 0 |4 0 |6 373_100000000000000_MEN_1999 |7 0 |8 R |9 354617 |a BIBEDU |b BIBEDU |c MCIRC |d 2019-11-21 |h v.3 |i 4617762 |l 2 |o 373.1 MEN 1999 |p 4617762 |r 2023-01-13 |s 2020-12-30 |w 2019-11-21 |y BK_R |k BME | ||
| 952 | |0 0 |1 0 |4 0 |6 373_100000000000000_MEN_1999 |7 0 |8 R |9 354618 |a BIBEDU |b BIBEDU |c MCIRC |d 2019-11-21 |h v.4 |i 4617770 |l 2 |o 373.1 MEN 1999 |p 4617770 |r 2023-01-13 |s 2020-12-30 |w 2019-11-21 |y BK_R |k BME | ||
| 952 | |0 0 |1 0 |4 0 |6 373_100000000000000_MEN_1999 |7 0 |8 R |9 354619 |a BIBEDU |b BIBEDU |c MCIRC |d 2019-11-21 |h v.5 |i 4617789 |l 2 |o 373.1 MEN 1999 |p 4617789 |r 2023-01-13 |s 2020-12-30 |w 2019-11-21 |y BK_R |k BME | ||
| 952 | |0 0 |1 0 |4 0 |6 373_100000000000000_MEN_1999 |7 0 |8 R |9 354620 |a BIBEDU |b BIBEDU |c MCIRC |d 2019-11-21 |h v.6 |i 4617797 |l 2 |o 373.1 MEN 1999 |p 4617797 |r 2023-01-13 |s 2020-12-30 |w 2019-11-21 |y BK_R |k BME | ||
| 952 | |0 0 |1 0 |4 0 |6 373_100000000000000_MEN_1999 |7 0 |8 R |9 354622 |a BIBEDU |b BIBEDU |c MCIRC |d 2019-11-21 |h v.8 |i 4617819 |l 2 |o 373.1 MEN 1999 |p 4617819 |r 2023-01-13 |s 2020-12-30 |w 2019-11-21 |y BK_R |k BME | ||
| 952 | |0 0 |1 0 |4 0 |6 373_100000000000000_MEN_1999 |7 0 |8 R |9 354623 |a BIBEDU |b BIBEDU |c MCIRC |d 2019-11-21 |h v.9 |i 4617827 |l 2 |o 373.1 MEN 1999 |p 4617827 |r 2023-01-13 |s 2020-12-30 |w 2019-11-21 |y BK_R |k BME | ||